书目信息 |
| 题名: |
新编中学语文作文同步指导
|
|
| 作者: | 窦光宇 , 诸士心 主编 | |
| 分册: | 高中第二册 | |
| 出版信息: | 西安 陕西人民出版社 1990.01 |
|
| 页数: | 117页 | |
| 开本: | 19cm | |
| 丛书名: | ||
| 单 册: | ||
| 中图分类: | G633.34 | |
| 科图分类: | ||
| 主题词: | 中学--作文课 | |
| 电子资源: | ||
| ISBN: | 7-224-01143-6 | |
| 000 | 00646nam0 2200205 45 | |
| 001 | 0504111066 | |
| 005 | 20050411155154.9 | |
| 010 | @a7-224-01143-6@dCNY1.45 | |
| 100 | @a20050411d1990 km y0chiy0120 ea | |
| 101 | 0 | @achi |
| 105 | @a z 000yy | |
| 200 | 1 | @a新编中学语文作文同步指导@AXin Bian Zhong Xue Yu Wen Zuo Wen Tong Bu Zhi Dao@h高中第二册@f窦光宇,诸士心主编@FDou Guang Yu,Zhu Shi Xin Zhu Bian |
| 210 | @a西安@c陕西人民出版社@d1990.01 | |
| 215 | @a117页@d19cm | |
| 606 | 0 | @a中学@x作文课 |
| 690 | @aG633.34@v3 | |
| 701 | 0 | @a窦光宇@4主编 |
| 701 | 0 | @a诸士心@4主编 |
| 801 | @aCN@bPftUser@c20050411 | |
| 905 | @f1@b240266@dG633.34@e219:2 | |
| 新编中学语文作文同步指导.高中第二册/窦光宇,诸士心主编.-西安:陕西人民出版社,1990.01 |
| 117页;19cm |
| ISBN 7-224-01143-6:CNY1.45 |
| ● |
| 相关链接 |
|
|
|
|
正题名:新编中学语文作文同步指导
索取号:G633.34/219:2
 
预约/预借
| 序号 | 登录号 | 条形码 | 馆藏地/架位号 | 状态 | 备注 |
| 1 | 0240264 | 000258447 | 密集书库/ [索取号:G633.34/219:2] | 在馆 | |
| 2 | 0240265 | 000258410 | 密集书库/ [索取号:G633.34/219:2] | 在馆 | |
| 3 | 0240266 | 002005582 | 密集书库/ [索取号:G633.34/219:2] | 在馆 | |
| 4 | 0240267 | 000258429 | 密集书库/ [索取号:G633.34/219:2] | 在馆 | |
| 5 | 0240268 | 000258438 | 第一样本阅览室/ [索取号:G633.34/219:2] | 在馆 |